مكتبة جامعة عجلون الوطنية

فهرس بحث المكتبة

Normal view MARC view
  • الديوان الملكي الهاشمي

Entry Corporate Name

Number of records used in: 2

001 - CONTROL NUMBER

  • control field: 66928

003 - CONTROL NUMBER IDENTIFIER

  • control field: JO-AjAnu

005 - DATE AND TIME OF LATEST TRANSACTION

  • control field: 20260106082451.0

008 - FIXED-LENGTH DATA ELEMENTS

  • fixed length control field: 260106|| aca||aabn | a|a d

040 ## - CATALOGING SOURCE

  • Original cataloging agency: JO-AjAnu

110 ## - HEADING--CORPORATE NAME

  • Corporate name or jurisdiction name as entry element: الديوان الملكي الهاشمي
  • Relator term: مشرف